Hommage à Eberhard Weber.

"In January 2015 musicians and listeners converged upon Stuttgarts Theaterhaus for two consecutive nights to celebrate the 75th birthday of Eberhard Weber. The concerts centered around a specially commissioned 35-minute suite by Pat Metheny, with whom Weber had played and recorded back in the 1...

Full description

Saved in:
Bibliographic Details
Main Authors: Weber, Eberhard, 1940- (Composer), Metheny, Pat, (Instrumentalist)
Corporate Author: SWR Big Band, (Instrumentalist)
Other Authors: Garbarek, Jan, 1947- (Instrumentalist), Burton, Gary, (Instrumentalist), Colley, Scott, (Instrumentalist), Gottlieb, Danny, (Instrumentalist), McCandless, Paul, (Instrumentalist), Graf, Klaus (Saxophonist), (Instrumentalist), Hutter, Ernst, (Instrumentalist), Gibbs, Michael, 1937- (Conductor, arranger of music,), Sunde, Helge Havsgård, 1965- (Conductor)
Format: Audio
Language:No linguistic content
Published: München : ECM, [2015]
Subjects:
Tags: Add Tag
No Tags, Be the first to tag this record!
LEADER 03257cjm a2200577Ii 4500
001 014531402-2
005 20151117164504.0
008 150731t20152015gw jznn n zxx d
024 7 |a 00602547323422  |2 gtin-14 
024 1 |a 602547323422 
028 0 2 |a B0023790-02  |b ECM 
028 0 2 |a ECM 2463  |b ECM 
033 1 0 |a 20150123  |a 20150124  |b 6299  |c S9 
035 0 |a ocn915520764 
040 |a BTCTA  |b eng  |e rda  |c BTCTA  |d NOG  |d OCLCO  |d TEF  |d TDF  |d ZMS  |d MYG 
050 4 |a M1366  |b .H66 2015 
082 0 4 |a 785.065  |a 781.65  |2 23 
245 0 0 |a Hommage à Eberhard Weber. 
264 1 |a München :  |b ECM,  |c [2015] 
264 4 |c ℗2015 
300 |a 1 audio disc :  |b digital ;  |c 4 3/4 in. 
336 |a performed music  |b prm  |2 rdacontent 
337 |a audio  |b s  |2 rdamedia 
338 |a audio disc  |b sd  |2 rdacarrier 
344 |a digital  |2 rda 
347 |a audio file  |b CD audio  |2 rda 
500 |a Compact disc. 
511 0 |a Pat Metheny, guitars ; Jan Garbarek, soprano saxophone ; Gary Burton, vibraphone ; Scott Colley, double bass ; Danny Gottlieb, drums ; Paul McCandless, English horn, soprano saxophone ; Klaus Graf, alto saxophone ; Ernst Hutter, euphonium ; SWR Big Band ; Michael Gibbs, arranger, conductor ; Helge Sunde, conductor. 
508 |a Recording engineer: Alfred Habelitz, Manfred Eicher, Eberhard Weber ; Mix engineer: Volker Neumann ; produced by Manfred Eicher. 
518 |o Recorded live  |d 2015 January 23-24  |p Theatrehaus Stuttgart. 
520 |a "In January 2015 musicians and listeners converged upon Stuttgarts Theaterhaus for two consecutive nights to celebrate the 75th birthday of Eberhard Weber. The concerts centered around a specially commissioned 35-minute suite by Pat Metheny, with whom Weber had played and recorded back in the 1970s. Featuring Metheny, the SWR Big Band conducted by Helge Sunde, Gary Burton, bassist Scott Colley and Danny Gottlieb on drums, the composition was arranged around recordings of solos by Weber. Other performers during the two nights playing selections from Weber's vast body of work were Webers longtime companions Jan Garbarek, Paul McCandless, Manfred Schoof and arranger Michael Gibbs, all drawing ovations from the packed house."--Amazon.com 
500 |a Program notes in English by Weber (21 pages : illustrations) inserted in container. 
505 0 0 |t Resume variations  |g (8:00) --  |t Hommage  |g (31:33) --  |t Touch  |g (8:19) --  |t Maurizius  |g (9:26) --  |t Tübingen  |g (6:55) --  |t Notes after an evening  |g (5:32). 
650 0 |a Jazz  |y 2011-2020. 
650 7 |a Jazz.  |2 fast 
648 7 |a 2011 - 2020  |2 fast 
700 1 |a Weber, Eberhard,  |d 1940-  |e composer. 
700 1 |a Metheny, Pat,  |e composer,  |e instrumentalist. 
700 1 |a Garbarek, Jan,  |d 1947-  |e instrumentalist. 
700 1 |a Burton, Gary,  |e instrumentalist. 
700 1 |a Colley, Scott,  |e instrumentalist. 
700 1 |a Gottlieb, Danny,  |e instrumentalist. 
700 1 |a McCandless, Paul,  |e instrumentalist. 
700 1 |a Graf, Klaus  |c (Saxophonist),  |e instrumentalist. 
700 1 |a Hutter, Ernst,  |e instrumentalist. 
700 1 |a Gibbs, Michael,  |d 1937-  |e arranger of music,  |e conductor. 
700 1 |a Sunde, Helge Havsgård,  |d 1965-  |e conductor. 
710 2 |a SWR Big Band,  |e instrumentalist. 
988 |a 20151117 
049 |a HMUU 
906 |0 OCLC